01704nam a2200265Ia 4500952010900000952010900109952010200218952010200320952010200422999001700524008004100541020001500582050002100597100004100618245012600659260004300785300003600828500009300864500002100957505034200978519004201320650002401362700004001386942001201426 00102lcc4070a01b01d2021-08-04l0oHF1025 S74 2005 r2012p16 001328r2023-07-12t1w2021-08-04yLB 00102lcc4070a01b01d2021-08-04l0oHF1025 S74 2005 r2012p16 001329r2023-07-12t2w2021-08-04yLB 00102lcc4070a01b01d2022-10-14l0oHF1025 S74 2005p16 002488r2023-07-13t3w2022-10-14yLB 00102lcc4070a01b01d2022-10-14l0oHF1025 S74 2005p16 002489r2023-07-13t4w2022-10-14yLB 00102lcc4070a01b01d2022-10-14l0oHF1025 S74 2005p16 002490r2023-07-13t5w2022-10-14yLB c71730d71730120626s2005 mx a 000 0 spa d a970782025X aHF1025bS74 2005 aSterling Pérez, Bessy Elviaeautor aGeografía económicab: Una visión integradora del mundoc/ Bessy Elvia, Sterling Perez: Eduardo, Villanueva Herrera aEstado de México b: Esfingec, 2005 a390 páginasb: ilustraciones  aIncluye: Indice, Presentación, Lectura, Actividades, Autoevaluación, Bibliografía  areimpresion 2012 aI. Introducción a la Geografía Económica II. Estados Unidos de América III. Canadá IV. México V. América Latina VI. Unión Europea dentro de Europa VII. Rusia VIII. Japón IX. China X. Nuevas economías industrializadas, países petroleros del Suroeste de Asia e interdependencia económica mundial  aMaterial Complementario/ d16 002488 aGEOGRAFIA ECONOMICA a Villanueva Herrera, Eduardoeautor cLB2lcc